Atomový věk : populární encyklopedie

Enregistré dans:
Détails bibliographiques
Format: Livre
Langue:tchèque
Publié: Praha : SNTL, 1966
Sujets:
Tags: Ajouter un tag
Pas de tags, Soyez le premier à ajouter un tag!

MARC

LEADER 00000nam a22000003a 4500
001 stu88431
005 20150408175234.2
008 040629s1966----cs------------------cze-d
040 |a STU  |b slo 
041 0 |a cze 
044 |a cs 
080 |a 539.1 
245 |a Atomový věk :  |b populární encyklopedie 
260 |a Praha :  |b SNTL,  |c 1966 
300 |a 285 s 
650 7 |a atómová energia  |2 stusub 
650 7 |a atómová energetika  |2 stusub 
650 7 |a atómová fyzika  |2 stusub 
650 7 |a jadrová fyzika  |2 stusub 
996 |b 284J021986  |c J*28149  |l JJK16  |s P  |a 0  |w stu88431_0001